Los derechos económicos, sociales, culturales y ambientales después del caso Lagos del Campo : los nuevos alcances de la jurisprudencia de la Corte Interamericana de Derechos Humanos /

Se recogen aquí reflexiones acerca de la jurisprudencia desarrollada por la Corte Interamericana de Derechos Humanos a partir de 2017, cuando puso en marcha el mandato del artículo 26 de la Convención Americana sobre Derechos Humanos. Así mismo, se incluyen análisis comparativos acerca de los sistem...

Popoln opis

Shranjeno v:
Bibliografske podrobnosti
Glavni avtor: Góngora Maas, Juan Jesús (autor)
Format: Knjiga
Jezik:španščina
Izdano: México : UNAM, Instituto de Investigaciones Jurídicas, 2023, c2023
Serija:(Reflexiones Académicas sobre el Sistema Interamericano de Derechos Humanos ; 3)
Teme:
Oznake: Označite
Brez oznak, prvi označite!

MARC

LEADER 00000nam^a2200000^a^4500
001 000594109
005 20250815000000.0
009 20260310133020.363
020 |a 978-607-30-8270-9 
037 |a Acervo ITESO - Biblioteca 
041 |a ESP 
082 |a 323. 0980  |b GON 
100 |a Góngora Maas, Juan Jesús  |e (autor) 
245 1 4 |a Los derechos económicos, sociales, culturales y ambientales después del caso Lagos del Campo :  |b los nuevos alcances de la jurisprudencia de la Corte Interamericana de Derechos Humanos /  |c J.J. Góngora Maas. 
264 4 |a México :  |b UNAM, Instituto de Investigaciones Jurídicas,  |c 2023, c2023 
300 |a X, 146 p. 
336 |a texto  |b txt  |2 rdacontenido 
337 |a sin mediación  |b n  |2 rdamedio 
338 |a volumen  |b nc  |2 rdasoporte 
440 1 |a (Reflexiones Académicas sobre el Sistema Interamericano de Derechos Humanos ;  |v 3) 
520 |a Se recogen aquí reflexiones acerca de la jurisprudencia desarrollada por la Corte Interamericana de Derechos Humanos a partir de 2017, cuando puso en marcha el mandato del artículo 26 de la Convención Americana sobre Derechos Humanos. Así mismo, se incluyen análisis comparativos acerca de los sistemas de protección de derechos humanos tanto de Europa como de Africa, en relación con el de América. Finalmente, se exponen casos jurisprudenciales resueltos por la Corte Interamericana hasta 2023, en el ámbito del derecho económico, social, cultural y ambiental. 
521 |a FIL 2024 DIA 
649 |a XX 
650 |a Corte Interamericana de Derechos Humanos -  |x Leyes y Reglamentos 
650 |a Corte Interamericana de Derechos Humanos -  |x Tema Principal 
650 |a Tribunales Internacionales -  |x Leyes y Reglamentos 
650 |a Jurisprudencia -  |z América -  |x Tema Principal 
650 |a Derechos Civiles 
650 |a Derechos Humanos -  |z Europa 
650 |a Derechos Humanos -  |z Africa 
650 |a Derechos Humanos -  |z América -  |x Tema Principal 
650 |a Derecho Social 
650 |a Derecho Internacional Público 
650 |a Derecho Constitucional 
910 |a Fondo General 
920 |a Impresos - Libros 
930 |a Colección General 
905 |a 101 
901 |a 594502-10  |b IT1  |c ACC  |i C188290  |u 20250815 
902 |a https://opac.biblio.iteso.mx/vufind/Record/000594109